Statystyki dla Państwa zaatakowane przez ZSRR

Kliknij tutaj aby rozwiązać quiz!

Ogólne statystyki

  • Ten quiz został rozwiązany 1 380 razy
    (430 od ostatniego zresetowania)
  • Średni wynik to 11 z 15

Statystyki odpowiedzi

RokPaństwo% Poprawnych
1939Polska
100%
1945Niemcy
94%
1939Finlandia
87%
1940Litwa
78%
1940Rumunia
78%
1940Estonia
77%
1945Japonia
77%
1940Łotwa
77%
1934Chiny
70%
1944Węgry
70%
1956Węgry
70%
1979Afganistan
62%
1968Czechosłowacja
59%
1944Bułgaria
58%
1941Iran
38%

Rozkład punktacji

Percentyl według liczby udzielonych odpowiedzi

Procent ludzi z każdym wynikiem

Twoja historia wyników

Nie rozwiązałeś tego quizu od ostatniego zresetowania